| 000 | 00350cam a22001097a 4500 | ||
|---|---|---|---|
| 008 | 180718b1924. xxu||||| |||| 00| 0 eng d | ||
| 082 | _aA42x54 A/G/1924 | ||
| 100 | _aIndia. Legislative Department | ||
| 245 | _aThe government of India act with rules and notifications there under and index | ||
| 260 |
_aCalcutta. _bThe author _c1924. |
||
| 300 | _a372p. | ||
| 999 |
_c379092 _d379092 |
||